<?xml version="1.0" encoding="UTF-8"?>
<record
    xmlns:xsi="http://www.w3.org/2001/XMLSchema-instance"
    xsi:schemaLocation="http://www.loc.gov/MARC21/slim http://www.loc.gov/standards/marcxml/schema/MARC21slim.xsd"
    xmlns="http://www.loc.gov/MARC21/slim">

  <leader>01231nam a2200265Ia 4500</leader>
  <controlfield tag="003">OSt</controlfield>
  <controlfield tag="005">20200716183029.0</controlfield>
  <controlfield tag="008">191128t1964    sp     fr     001 0 spa d</controlfield>
  <datafield tag="040" ind1=" " ind2=" ">
    <subfield code="a">CO-JMCR</subfield>
    <subfield code="c">CO-JMCR</subfield>
  </datafield>
  <datafield tag="041" ind1="1" ind2=" ">
    <subfield code="a">spa</subfield>
    <subfield code="h">eng</subfield>
  </datafield>
  <datafield tag="082" ind1="0" ind2="4">
    <subfield code="a">338.98 /</subfield>
    <subfield code="b">H669e</subfield>
    <subfield code="2">23</subfield>
  </datafield>
  <datafield tag="100" ind1="1" ind2=" ">
    <subfield code="a">Hirschman, Albert, </subfield>
    <subfield code="e">autor</subfield>
    <subfield code="9">7448</subfield>
  </datafield>
  <datafield tag="245" ind1="1" ind2="0">
    <subfield code="a">Estudios sobre pol&#xED;tica econ&#xF3;mica en Am&#xE9;rica Latina : </subfield>
    <subfield code="b">en ruta hacia el progreso / </subfield>
    <subfield code="c">Albert O. Hirschman ; traducci&#xF3;n del ingl&#xE9;s por Manuel Aguilar Gonz&#xE1;lez</subfield>
  </datafield>
  <datafield tag="260" ind1=" " ind2=" ">
    <subfield code="a">Madrid : </subfield>
    <subfield code="b">Aguilar, </subfield>
    <subfield code="c">&#xA9;1964</subfield>
  </datafield>
  <datafield tag="300" ind1=" " ind2=" ">
    <subfield code="a">350 p&#xE1;ginas ; </subfield>
    <subfield code="c">22 cm.</subfield>
  </datafield>
  <datafield tag="500" ind1=" " ind2=" ">
    <subfield code="a">Incluye &#xED;ndice alfab&#xE9;tico, de materias y de autores.
</subfield>
  </datafield>
  <datafield tag="505" ind1="0" ind2=" ">
    <subfield code="a">Tres problemas, tres paisajes -- El nordeste de Brasil -- La tendencia de la tierra y la reforma agraria en Colombia -- La inflaci&#xF3;n en chile  -- Soluci&#xF3;n de problemas y formulaci&#xF3;n de pol&#xED;tica: &#xBF;Existe un estilo latinoame</subfield>
  </datafield>
  <datafield tag="546" ind1=" " ind2=" ">
    <subfield code="a">Traducido del Ingl&#xE9;s</subfield>
  </datafield>
  <datafield tag="650" ind1="1" ind2="4">
    <subfield code="a">Legislaci&#xF3;n en tenencia de la tierra</subfield>
    <subfield code="z">Colombia</subfield>
    <subfield code="9">7449</subfield>
  </datafield>
  <datafield tag="650" ind1="1" ind2="4">
    <subfield code="a">Cuesti&#xF3;n monetaria</subfield>
    <subfield code="z">Chile </subfield>
    <subfield code="9">7450</subfield>
  </datafield>
  <datafield tag="651" ind1=" " ind2="4">
    <subfield code="2">Am&#xE9;rica Latina</subfield>
    <subfield code="x">pol&#xED;tica econ&#xF3;mica </subfield>
    <subfield code="9">7451</subfield>
  </datafield>
  <datafield tag="651" ind1=" " ind2="4">
    <subfield code="a">Brasil</subfield>
    <subfield code="x">pol&#xED;tica econ&#xF3;mica</subfield>
    <subfield code="9">7452</subfield>
  </datafield>
  <datafield tag="700" ind1="1" ind2=" ">
    <subfield code="a">Aguilar Gonz&#xE1;lez, Manuel, </subfield>
    <subfield code="e">traductor</subfield>
    <subfield code="9">7453</subfield>
  </datafield>
  <datafield tag="942" ind1=" " ind2=" ">
    <subfield code="2">ddc</subfield>
    <subfield code="c">BK</subfield>
  </datafield>
  <datafield tag="999" ind1=" " ind2=" ">
    <subfield code="c">3657</subfield>
    <subfield code="d">3657</subfield>
  </datafield>
  <datafield tag="952" ind1=" " ind2=" ">
    <subfield code="0">0</subfield>
    <subfield code="1">0</subfield>
    <subfield code="2">ddc</subfield>
    <subfield code="4">0</subfield>
    <subfield code="7">0</subfield>
    <subfield code="8">NFIC</subfield>
    <subfield code="a">CPL</subfield>
    <subfield code="b">CPL</subfield>
    <subfield code="d">2018-07-19</subfield>
    <subfield code="e">Donaci&#xF3;n</subfield>
    <subfield code="o">338.98 / H669e </subfield>
    <subfield code="p">201807539</subfield>
    <subfield code="r">2024-05-16 00:00:00</subfield>
    <subfield code="t">Ej.1</subfield>
    <subfield code="y">BK</subfield>
  </datafield>
</record>
